| 000 | 01732cas a2200493 a 4500 | ||
|---|---|---|---|
| 999 |
_c342543 _d342543 |
||
| 001 | 11454823 | ||
| 003 | NUST | ||
| 005 | 20180102095441.0 | ||
| 007 | t| | ||
| 008 | 950103c198u9999nyuar f 0 a0eng c | ||
| 010 | _a 95647538 | ||
| 022 | 0 |
_a1081-8855 _l1081-8855 _21 |
|
| 035 | _a(OCoLC)ocm31759332 | ||
| 037 | _bBoardroom Reports, Inc., 330 W. 42nd St., New York, NY 10036 | ||
| 040 |
_aGConCR _beng _cGConCR _dDLC _dNSDP _dDLC _dOCoLC _dOCLCF _dOCLCO _dOCoLC |
||
| 042 |
_apcc _ansdp |
||
| 043 | _an-us--- | ||
| 050 | 0 | 0 |
_aHQ2039.U6 _bB55 |
| 082 | 0 | 0 |
_a646.7 _bREF |
| 210 | 0 | _aBig black book | |
| 222 | 4 | _aThe big black book | |
| 245 | 0 | 4 | _aThe big black book. |
| 260 |
_aNew York, N.Y. : _bBoardroom Reports, Inc. |
||
| 300 |
_av. ; _c29 cm. |
||
| 310 | _aAnnual | ||
| 500 | _aIncludes indexes. | ||
| 588 | _aDescription based on: 4th ed. (c1989); title from cover. | ||
| 588 | _aLatest issue consulted: c1993. | ||
| 590 | _aSERBIB/SERLOC merged record | ||
| 650 | 0 |
_aLife skills _zUnited States _vHandbooks, manuals, etc. _97948 |
|
| 650 | 0 |
_aFamily life education _zUnited States _vHandbooks, manuals, etc. _97949 |
|
| 650 | 7 |
_aFamily life education. _2fast _0(OCoLC)fst00920371 _97950 |
|
| 650 | 7 |
_aLife skills. _2fast _0(OCoLC)fst00998359 _97951 |
|
| 651 | 7 |
_aUnited States. _2fast _0(OCoLC)fst01204155 _97952 |
|
| 655 | 7 |
_aHandbooks and manuals. _2fast _0(OCoLC)fst01423877 _9280 |
|
| 710 | 2 |
_aBoardroom Reports, Inc. _97953 |
|
| 906 |
_a7 _bcbc _cserials _du _encip _f19 _gn-oclcserc |
||
| 942 |
_2ddc _cREF |
||